Normal view
MARC view
Entry Corporate Name
001 - CONTROL NUMBER
- control field: 4758
003 - CONTROL NUMBER IDENTIFIER
- control field: ARRUPE
005 - DATE AND TIME OF LATEST TRANSACTION
- control field: 20131203141432.0
008 - FIXED-LENGTH DATA ELEMENTS
- fixed length control field: 131203|| aca||aabn | a|a d
040 ## - CATALOGING SOURCE
- Original cataloging agency: ARRUPE
- Transcribing agency: ARRUPE
110 ## - HEADING--CORPORATE NAME
- Corporate name or jurisdiction name as entry element: Bible. English. King James.1934
670 ## - SOURCE DATA FOUND
- Source citation: Work cat.: (ARRUPE): Bible. English. King James.1934, The Holy Bible, 1934